000 01288cab a2200241 4500
001 X83470
008 090401t1998 xxu||||| |||| 00| 0 eng d
035 _a(Sirsi) u83470
041 _aeng
245 _aSkandia Property (UK) Ltd and Vala Properties BV v Thames Water Utilities
260 _c1998
350 _a0
490 _aConstruction Industry Law Letter
_v[1998] CILL 1326-1328(3)
520 _aQBD 1997. A fracture occurred in one of the defendant`s underground mains causing substantial flooding in the basement and sub-basement owned by the first plaintiff and leased by the second plaintiff. Extensive waterproofing of the basement and sub-basement was subsequently carried out by the second plaintiff but there was evidence of other damp which had been noticeable for eighteen months before the leak. There was no dispute about the defendant`s liability pursuant to the Water Act 1981 s6(1) but as to what extent the works carried out were caused by the defendant`s breach of duty.
650 _aBASEMENTS
650 _aFLOOD DAMAGE
650 _aLIABILITY
650 _aSKANDIA PROPERTY (UK) LTD & VALA PROPERTIES BV V THAMES WATER
650 _aUNDERGROUND WATER MAINS
690 _aPROPERTY LAW AND PRACTICE-CASE LAW
942 _n0
948 _c02/02/1998
999 _c52720
_d52720